Geography Quiz

Random Geography or State Quiz

Geographic Demonyms Quiz Stats

 Plays Quiz Updated Oct 1, 2018

Score 0/28 Timer 08:00
3 Plays Today
Somebody from... is called a/an... % Correct
CanadaCanadian
92.6%
PeruPeruvian
91.1%
IraqIraqi
84.9%
New YorkNew Yorker
84.3%
ParisParisian
80.8%
ChinaChinese
80.2%
SpainSpaniard
75.6%
NorwayNorwegian
75.5%
VenezuelaVenezuelan
71.2%
Sri LankaSri Lankan
63.4%
IndianaHoosier
58%
PhilippinesFilipino
49.5%
QuebecQuébécois
39.4%
Democratic Republic of the CongoCongolese
39.1%
Somebody from... is called a/an... % Correct
IrelandIrishman
38.8%
CyprusCypriot
36.2%
BarbadosBajan
36%
FlorenceFlorentine
33.1%
GlasgowGlaswegian
31.9%
NazarethNazarene
23.5%
ManchesterMancunian
23%
VancouverVancouverite
22.4%
SydneySydneysider
7.3%
MadagascarMalagasy
6.9%
MonacoMonégasque
6.1%
Sao PauloPaulista
4.6%
Kiribatii-Kiribati
4.2%
Burkina FasoBurkinabe
3.6%

You're not logged in!

Compare scores with friends on all Sporcle quizzes.
OR
Log In

Sporcle TV

Today on Sporcle TV


Watch our educational content, quiz creation guides, and fun videos on Sporcle TV.

Show Comments

Extras

Top Quizzes Today


Score Distribution

Your Account Isn't Verified!

In order to create a playlist on Sporcle, you need to verify the email address you used during registration. Go to your Sporcle Settings to finish the process.

Report this User

Report this user for behavior that violates our Community Guidelines.

Details: